• 首页
  • 本馆介绍
  • 公告通知
  • 最新文献
  • 馆藏检索
  • 电子资源
  • 读者导购
  • 参考咨询
  • 我的图书馆
  • 登录
  • 详细信息显示
  • 放入我的书架
  • 预约/预借图书
  • 作者相关作品
  • 分类相关作品
  • 丛书相关作品
  • 出版社相关作品

书目信息

  • 表格格式
  • 工作单格式
  • 卡片格式
题名:
简牍与秦汉社会
    
 
作者: 于振波 著
分册:  
出版信息: 长沙   湖南大学出版社  2012.03
页数: 13,368页
开本: 21cm
丛书名:
单 册:
中图分类: K877.54 , K232.07
科图分类:
主题词: 简(考古)--研究--中国--秦汉时代 , 秦汉时代--古代史--研究 , 简(考古) , 秦汉时代 , 古代史
电子资源:
ISBN: 978-7-5667-0130-5
000 01068nam0 2200301 450
001 010010094820
005 20120612090655.39
010    @a978-7-5667-0130-5@dCNY40.00
100    @a20120410d2012 em y0chiy50 ea
101 0  @achi
102    @aCN@b430000
105    @aak z 000yy
106    @ar
200 1  @a简牍与秦汉社会@9jian du yu qin han she hui@f于振波著
210    @a长沙@c湖南大学出版社@d2012.03
215    @a13,368页@c图@d21cm
300    @a湖南大学出版社图书出版基金资助项目
330    @a本书利用传世文献与简牍、金石等文物考古资料,以秦汉基层社会为主要研究对象,考察了秦汉时期名田制的源流、兴衰及其历史影响,厘清了户赋与刍稿税的含义;通过选取燧长与候长、邮人、工匠、赀家等几个“点”,对秦汉时期职业、身份与社会阶层问题做了深入分析。
606 0  @a简(考古)@x研究@y中国@z秦汉时代
606 0  @a秦汉时代@x古代史@x研究
606 0  @a简(考古)
606 0  @a秦汉时代
606 0  @a古代史
690    @aK877.54@v5
690    @aK232.07@v5
701  0 @a于振波@9yu zhen bo@4著
801  0 @aCN@bRENTIAN@c20120410
905    @b539634-38@dK877.54@e274@f5
    
    简牍与秦汉社会/于振波著.-长沙:湖南大学出版社,2012.03
    13,368页:图;21cm
    湖南大学出版社图书出版基金资助项目
    
    ISBN 978-7-5667-0130-5:CNY40.00
    本书利用传世文献与简牍、金石等文物考古资料,以秦汉基层社会为主要研究对象,考察了秦汉时期名田制的源流、兴衰及其历史影响,厘清了户赋与刍稿税的含义;通过选取燧长与候长、邮人、工匠、赀家等几个“点”,对秦汉时期职业、身份与社会阶层问题做了深入分析。
●
相关链接 在E读中查询图书 在五车中查询图书 在当当中查询图书 在豆瓣中查询图书


正题名:简牍与秦汉社会     索取号:K877.54/274         预约/预借

序号 登录号 条形码 馆藏地/架位号 状态 备注
1 539634   205396347   第二样本阅览室/ [索取号:K877.54/274] 在馆    
2 539635   205396356   第二借阅区/ [索取号:K877.54/274] 在馆    
3 539636   205396365   第二借阅区/ [索取号:K877.54/274] 在馆    
4 539637   205396374   第二借阅区/ [索取号:K877.54/274] 在馆    
5 539638   205396383   第二借阅区/ [索取号:K877.54/274] 在馆    
唐山师范学院图书馆 欢迎您!
大连网信软件有限公司© 版权所有